000 00776nas a2200289 4500
001 BR9104313
003 BR-BrBNA
005 20231205092156.0
007 ta
008 230509b bl.|||p| |||| 00| 00por d
040 _aBR-BrBNA
_bpor
_cBiblioteca Nacional de Agricultura
041 _a(Pt)
072 _aQ04
100 1 _aAnon.
245 1 _aArroz: um cereal para comes e bebes
650 _aARROZ
650 _aNUTRICAO HUMANA
650 _aCOMPOSICAO QUIMICA
650 _aRENDIMENTO
650 _aVARIEDADE
650 _aPLANTIO
650 _aESTATISTICA DE PRODUCAO
650 _aSUBPRODUTO
773 0 _tGranja (Brazil)
_xISSN 0367-505X
_g(Sep 1991), v. 47(518) p. 58-77
_wBR9104313
909 _a202311
_bLúcia
_c55
_dLúcia Elande
942 _2AGRIS
_n0
_cANA
999 _c129866
_d129866